Leading with purpose : (Record no. 24107)
[ view plain ]
| 000 -LEADER | |
|---|---|
| fixed length control field | 00721nam a22001937a 4500 |
| 005 - DATE AND TIME OF LATEST TRANSACTION | |
| control field | 20251030155619.0 |
| 008 - FIXED-LENGTH DATA ELEMENTS--GENERAL INFORMATION | |
| fixed length control field | 251028b |||||||| |||| 00| 0 eng d |
| 020 ## - INTERNATIONAL STANDARD BOOK NUMBER | |
| International Standard Book Number | 9786214184064 |
| 082 ## - DEWEY DECIMAL CLASSIFICATION NUMBER | |
| Classification number | DFil 658.4001 M873 2025 |
| 100 ## - MAIN ENTRY--PERSONAL NAME | |
| Personal name | Moyao, Warren Galas. |
| Relator term | author. |
| 9 (RLIN) | 52462 |
| 245 ## - TITLE STATEMENT | |
| Title | Leading with purpose : |
| Remainder of title | crafting your leadership philosophy / |
| Statement of responsibility, etc. | Warren Galas Moyao and Norman Biagcong Bustillo. |
| 260 ## - PUBLICATION, DISTRIBUTION, ETC. (IMPRINT) | |
| Place of publication, distribution, etc. | Quezon City : |
| Name of publisher, distributor, etc. | Wiseman's Books Trading, Inc., |
| Date of publication, distribution, etc. | ©2025. |
| 300 ## - PHYSICAL DESCRIPTION | |
| Extent | vi, 151 pages : |
| Other physical details | illustrations ; |
| Dimensions | 21 cm. |
| 500 ## - GENERAL NOTE | |
| General note | Includes references. |
| 650 #0 - SUBJECT ADDED ENTRY--TOPICAL TERM | |
| Topical term or geographic name as entry element | Leadership. |
| 9 (RLIN) | 69075 |
| 650 #0 - SUBJECT ADDED ENTRY--TOPICAL TERM | |
| Topical term or geographic name as entry element | Leadership |
| Form subdivision | Philosophy. |
| 9 (RLIN) | 69076 |
| 700 ## - ADDED ENTRY--PERSONAL NAME | |
| Personal name | Bustillo, Norman Biagcong. |
| 9 (RLIN) | 69003 |
| Relator term | author. |
| 942 ## - ADDED ENTRY ELEMENTS (KOHA) | |
| Source of classification or shelving scheme | Dewey Decimal Classification |
| Koha item type | Circulation |
| Withdrawn status | Lost status | Source of classification or shelving scheme | Damaged status | Not for loan | Collection code | Home library | Current library | Date acquired | Source of acquisition | Cost, normal purchase price | Total Checkouts | Full call number | Barcode | Date last seen | Price effective from | Koha item type |
|---|---|---|---|---|---|---|---|---|---|---|---|---|---|---|---|---|
| Dewey Decimal Classification | Circulation | UM Digos College - LIC | UM Digos College - LIC | 08/11/2025 | Purchased | 350.00 | DFil 658.4001 M873 2025 | 29107 | 10/28/2025 | 10/28/2025 | Circulation |
